Fabuleux Alaska et Yukon (notice n° 1557170)

détails MARC
000 -LEADER
fixed length control field 02623cam a2200289zu 4500
003 - CONTROL NUMBER IDENTIFIER
control field FRCYB88826256
005 - DATE AND TIME OF LATEST TRANSACTION
control field 20251020124418.0
008 - FIXED-LENGTH DATA ELEMENTS--GENERAL INFORMATION
fixed length control field 251020s2015 fr | o|||||0|0|||fre d
020 ## - INTERNATIONAL STANDARD BOOK NUMBER
International Standard Book Number 9782894644805
035 ## - SYSTEM CONTROL NUMBER
System control number FRCYB88826256
040 ## - CATALOGING SOURCE
Original cataloging agency FR-PaCSA
Language of cataloging fr
Transcribing agency
Description conventions rda
100 1# - MAIN ENTRY--PERSONAL NAME
Personal name Savoie, Annie
245 01 - TITLE STATEMENT
Title Fabuleux Alaska et Yukon
Statement of responsibility, etc. ['Savoie, Annie', 'Chagnon, Isabelle ']
264 #1 - PRODUCTION, PUBLICATION, DISTRIBUTION, MANUFACTURE, AND COPYRIGHT NOTICE
Name of producer, publisher, distributor, manufacturer Ulysse (Guides de voyage)
Date of production, publication, distribution, manufacture, or copyright notice 2015
300 ## - PHYSICAL DESCRIPTION
Extent p.
336 ## - CONTENT TYPE
Content type code txt
Source rdacontent
337 ## - MEDIA TYPE
Media type code c
Source rdamdedia
338 ## - CARRIER TYPE
Carrier type code c
Source rdacarrier
520 ## - SUMMARY, ETC.
Summary, etc. Le guide Ulysse Fabuleux Alaska et Yukon, un magnifique livre en couleurs, offre un panorama complet de l’Alaska, l’État le plus nordique des États-Unis, et du Yukon, ce territoire situé dans le nord-ouest du Canada. Tous les principaux attraits mythiques de ces deux contrées y sont présentés et révélés par de splendides photographies, dans une mise en page des plus soignées. Toutes les villes et régions importantes y sont décrites. Entre autres en Alaska, les villes de Juneau, Haines, Skagway, Fairbanks, Seward, Valdez et Anchorage; les régions du Prince William Sound, la Kenai Peninsula et le Sud-Est, destination privilégiée des croisiéristes; le fameux Glacier Bay National Park et le Columbia Glacier; sans oublier l’Alaska Highway et la Chilkoot Trail, ces routes historiques d’une importance capitale pour le développement de la région. Au Yukon, le livre permet notamment de faire la découverte de Whitehorse et de Dawson City, du Kluane National Park et du Tombstone Park, ainsi que du Klondike Highway et du Dempster Highway. Le guide Fabuleux Alaska et Yukon propose en outre un solide portrait historique et culturel, illustré de documents d’archives, qui permet de mieux saisir l’évolution de cette région du globe, du règne des nations autochtones à aujourd’hui, en passant bien sûr par la frénésie de la Ruée vers l’or. Les montagnes, les glaciers, les hivers noirs illuminés par les aurores boréales, la faune et la flore sous le soleil estival de minuit, tous ces thèmes y sont aussi abordés. Des cartes géographiques au graphisme étudié parsèment cet ouvrage tout simplement fabuleux. Un guide pour rêver, pour se souvenir ou pour planifier son itinéraire à travers les splendides paysages de l’Alaska et du Yukon.
650 #0 - SUBJECT ADDED ENTRY--TOPICAL TERM
Topical term or geographic name entry element
700 0# - ADDED ENTRY--PERSONAL NAME
Personal name Savoie, Annie
700 0# - ADDED ENTRY--PERSONAL NAME
Personal name Chagnon, Isabelle
856 40 - ELECTRONIC LOCATION AND ACCESS
Access method Cyberlibris
Uniform Resource Identifier <a href="https://international.scholarvox.com/netsen/book/88826256">https://international.scholarvox.com/netsen/book/88826256</a>
Electronic format type text/html
Host name

Pas d'exemplaire disponible.

PLUDOC

PLUDOC est la plateforme unique et centralisée de gestion des bibliothèques physiques et numériques de Guinée administré par le CEDUST. Elle est la plus grande base de données de ressources documentaires pour les Étudiants, Enseignants chercheurs et Chercheurs de Guinée.

Adresse

627 919 101/664 919 101

25 boulevard du commerce
Kaloum, Conakry, Guinée

Réseaux sociaux

Powered by Netsen Group @ 2025